Personnages de Série - Les frères Scott - Statistiques

Statistiques générales
  • Ce quiz a été pris 1 363 fois
  • Le résultat moyen est 40 sur 70
Statistiques - réponses
Nom Prénom % Correct
Davis Brooke
98%
Scott Lucas
97%
Scott Nathan
97%
Scott Dan
95%
Sawyer Peyton
94%
James Haley
92%
Mcfadden Micro
90%
Scott Jamie
89%
Roe Karen
89%
Chambers Julia / Emily
88%
Scott Keith
87%
Lee Deborah
83%
Baker Julian
82%
Keller Chris
81%
James Quinn
81%
Catalano Mia
80%
Gatina Rachel
80%
Davis Victoria
79%
Dupre Alex
78%
Fields Quentin
77%
Jaglieski Jake
76%
Adams Chase
75%
Evans Clay
74%
James Taylor
73%
James Lydia
71%
Scott Lydia
71%
Edwards Jimmy
70%
Baker Davis
69%
Huxtable Millicent
69%
Taylor Skills
69%
Scott Sawyer
66%
Durham Whitey
63%
Baker Jude
61%
Taggaro Anna
60%
Lee Cooper
60%
Taggaro Felix
59%
Scolnik Chuck
57%
Smith Tim
57%
Evans Logan
54%
Evans Sarah
52%
Strauss Lindsay
49%
Harpe Ellie
48%
Mirskey Bevin
46%
Sawyer Larry
46%
Scott Lily
46%
Walker Sam
46%
Morello Owen
42%
Sommers Derek
40%
Thompson Fergie
39%
Hargrove Andy
38%
Nom inconnu Carrie
38%
Norris Paul
36%
Davis Robert
36%
Daniels Xavier
35%
Morreti Junk
33%
Silveri Gigi
32%
Marsh Erika
30%
Banks Ian
30%
Baker Sylvia
30%
Coyne Alexander
26%
Nom inconnu Nikki
25%
Ryan Katie
23%
Nom inconnu Lauren
23%
Stone Miranda
21%
Richardson Renee
19%
Simon Shelly
18%
Grubbs Michael
16%
Jones Daunte
13%
Farell Glanda
13%
Nom inconnu Tara
13%
Aucun quiz correspondant
Distribution des résultats
% des personnes avec chaque résultat
Percentile par nombre de réponses
Votre historique - résultats
Vous n’avez pas pris ce quiz